[Event "Katwe SOM op"]
[Site "Katwe"]
[Date "2024.03.30"]
[Round "4"]
[White "Kayanja, John"]
[Black "Munyurangabo, Ronjin"]
[Result "1-0"]
[WhiteElo "1687"]
[BlackElo "1852"]
[PlyCount "60"]
[EventDate "2024.03.29"]
[EventType "swiss"]
[EventRounds "8"]
[EventCountry "UGA"]
[SourceTitle "EXT 2025"]
[Source "ChessBase"]
[SourceDate "2024.10.14"]
[SourceVersion "1"]
[SourceVersionDate "2024.10.14"]
[SourceQuality "1"]

1. Nf3 Nf6 2. d4 e6 3. c4 d5 4. Nc3 Bb4 5. Bd2 Bxc3 6. Bxc3 Ne4 7. Qc2 Nxc3 8. Qxc3 Nd7 9. cxd5 exd5 10. e3 c6 11. Bd3 0-0 12. Rc1 Nf6 13. 0-0 Re8 14. Qc2 h6 15. b4 Qb6 16. a3 a5 17. Rb1 axb4 18. axb4 Nd7 19. Rfc1 Nb8 20. b5 Qd8 21. Ne5 Re6 22. Bh7+ Kf8 23. Bf5 Rf6 24. Bxc8 Qxc8 25. Qc5+ Kg8 26. bxc6 bxc6 27. Qxd5 Qc7 28. Qc4 c5 29. Qd5 Ra5 30. Rxc5 Rxc5 1-0

[Event "Online Olym Div4 B"]
[Site "Chess.com INT"]
[Date "2020.08.02"]
[Round "8.3"]
[White "Abrantes, Persson"]
[Black "Munyurangabo, Ronjin"]
[Result "1-0"]
[WhiteElo "2018"]
[BlackElo "1725"]
[PlyCount "93"]
[EventDate "2020.07.31"]
[EventType "team-tourn (rapid)"]
[EventRounds "9"]
[EventCountry "USA"]
[SourceTitle "CBM 198"]
[Source "ChessBase"]
[SourceDate "2020.10.31"]
[SourceVersion "1"]
[SourceVersionDate "2020.10.31"]
[SourceQuality "1"]
[WhiteTeam "Mozambique"]
[BlackTeam "Rwanda"]
[WhiteTeamCountry "MOZ"]
[BlackTeamCountry "RWA"]

1. e4 c5 2. Nf3 Nc6 3. Nc3 d6 4. h3 e5 5. g3 Nge7 6. Bg2 g6 7. d3 Bg7 8. Bg5 f6 9. Be3 Be6 10. 0-0 0-0 11. Qd2 Nd4 12. Nh2 Qd7 13. g4 g5 14. Nd1 Bf7 15. c3 Ne6 16. d4 cxd4 17. cxd4 exd4 18. Bxd4 Nf4 19. Nf3 Nxg2 20. Kxg2 Ng6 21. Ne3 Nf4+ 22. Kh2 h5 23. Nf5 hxg4 24. hxg4 Bg6 25. Be3 Bxf5 26. exf5 Qc6 27. Kg3 Bh6 28. Rh1 Kg7 29. Rxh6 Kxh6 30. Bxf4 gxf4+ 31. Qxf4+ Kg7 32. Nd4 Qd5 33. Ne6+ Kf7 34. Re1 Rh8 35. g5 fxg5 36. Nxg5+ Kf8 37. Re6 Rd8 38. Rf6+ Ke7 39. Rf7+ Qxf7 40. Nxf7 Kxf7 41. Qc4+ d5 42. Qc7+ Ke8 43. f6 Rd7 44. Qc8+ Rd8 45. Qe6+ Kf8 46. Qe7+ Kg8 47. Qg7# 1-0